Grundzüge der Betriebswirtschaftslehre

Salvato in:
Dettagli Bibliografici
Autore principale: Schierenbeck, Henner
Natura: Libro
Lingua:tedesco
Pubblicazione: München Oldenbourg 1989
Edizione:10. völl. überarb. und erweit. Aufl.
Tags: Aggiungi Tag
Nessun Tag, puoi essere il primo ad aggiungerne!!

MARC

LEADER 00000nam a2200000 4500
001 c032542
005 20221215124453.8
041 0 |a ger 
044 |a DE 
245 1 0 |a Grundzüge der Betriebswirtschaftslehre  |c Henner Schierenbeck 
250 |a 10. völl. überarb. und erweit. Aufl. 
264 1 |a München  |b Oldenbourg  |c 1989 
300 |a 687 s. 
100 1 |a Schierenbeck, Henner